| 000 | 00412nam a2200193Ia 4500 | ||
|---|---|---|---|
| 001 | 13427 | ||
| 003 | GE_BSU | ||
| 008 | 181216s||||||||xx |||||||||||||| ||und|| | ||
| 040 | _cGE_BSU | ||
| 080 | _a821.111-3 | ||
| 100 | _aGalsworthy, John | ||
| 245 | _aOver the River | ||
| 260 | _aLondon | ||
| 260 | _bwilliam Heineman | ||
| 260 | _c1934 | ||
| 300 | _a353p.17cm. | ||
| 653 | _aOver the River | ||
| 942 | _cBK | ||
| 999 |
_c46587 _d46587 |
||